Eniten pisteitä tehneet suomalaiset NHL-pelaajat - Statistics

Yleistilastot
  • Tätä visaa on pelattu 112 kertaa
  • Keskiarvotulos 16 / 20
Vastaustilastot
pisteet pelaaja % Oikein
1457 pist. Teemu Selänne
100%
1398 pist. Jari Kurri
98%
782 pist. (A) Aleksander Barkov
97%
711 pist. Mikko Koivu
96%
705 pist. (A) Mikko Rantanen
96%
832 pist. Saku Koivu
96%
631 pist. (A) Sebastian Aho
92%
630 pist. Esa Tikkanen
89%
610 pist. (A) Mikael Granlund
88%
563 pist. Jussi Jokinen
81%
750 pist. Olli Jokinen
81%
571 pist. Kimmo Timonen
75%
514 pist. Jere Lehtinen
72%
530 pist. Valtteri Filppula
68%
517 pist. (A) Teuvo Teräväinen
67%
432 pist. Christian Ruuttu
66%
458 pist. Sami Kapanen
60%
637 pist. Teppo Numminen
58%
468 pist. Jyrki Lumme
45%
427 pist. Ilkka Sinisalo
35%
Ehtoja vastaavia visoja ei löytynyt
Tulosjakauma
Jokaisen tuloksen saaneiden osuus
Persentiili vastausten määrän mukaan
Tuloshistoriasi
Et ole pelannut tätä visaa